Statistics for Most Common Male Names beginning with D in the USA

Click here to take the quiz!

General Stats

  • This quiz has been taken 520 times
  • The average score is 30 of 82

Answer Stats

Number Name % Correct
14Dan
98%
2Daniel
94%
1David
93%
8Don
91%
3Donald
84%
20Dave
80%
6Danny
79%
76Donn
72%
4Dennis
67%
42Dylan
65%
60Donny
60%
17Darren
60%
11Dean
59%
62Dick
59%
24Doug
57%
9Derek
56%
5Douglas
55%
23Donnie
55%
30Drew
55%
46Damien
50%
26Dominic
50%
43Damian
47%
47Desmond
46%
55Denny
46%
78Dillon
46%
56Davis
45%
12Dustin
44%
7Dale
44%
25Damon
42%
34Dexter
41%
13Derrick
41%
44Devon
40%
45Denis
39%
16Darryl
39%
33Darrel
37%
77Dannie
37%
50Dane
36%
21Daryl
34%
29Dallas
33%
65Dirk
32%
18Dwayne
32%
52Derick
30%
28Devin
30%
49Darius
29%
81Dee
28%
71Dorian
28%
68Daren
26%
10Darrell
26%
69Duncan
26%
19Dwight
25%
66Dalton
24%
70Dusty
24%
38Dominick
24%
51Diego
24%
37Darrin
23%
48Darwin
23%
31Dewey
22%
35Darin
22%
59Dudley
21%
53Donovan
20%
58Dante
20%
72Dino
19%
63Denver
19%
36Darnell
19%
22Dana
18%
67Dominique
18%
15Duane
17%
57Dion
17%
82Damion
16%
32Doyle
15%
27Delbert
14%
74Deon
13%
39Domingo
12%
80Dario
12%
64Danial
11%
41Demetrius
10%
40Dewayne
10%
61Delmar
9%
73Deandre
8%
54Donnell
7%
79Delmer
7%
75Dewitt
3%

Score Distribution

Percentile by Number Answered

Percent of People with Each Score

Your Score History

You have not taken this quiz